| 000 | 00000nam##2200000za#4500 |
| 001 | 9.644123 |
| 003 | CaOODSP |
| 005 | 20220328113323 |
| 007 | cr ||||||||||| |
| 008 | 150407|2014||||xxc|||||o f|0| 0 fre|d |
| 040 | |aCaOODSP|bfre |
| 043 | |an-cn--- |
| 086 | 1 |aIu44-96/2014F-PDF |
| 110 | 1 |aCanada. |bIndustrie Canada. |
| 245 | 10|aRemplacement de la flotte des CF-18 : |h[ressource électronique]|brapport d'Industrie Canada sur les retombées industrielles / |c[au nom du] Gouvernement du Canada. |
| 260 | |aOttawa - Ontario : |bIndustrie Canada |cDécembre 2014. |
| 300 | |a6p. |
| 590 | |a15-03|b2015-01-16 |
| 691 | 07|aAéronef militaire|2gcpds |
| 691 | 07|aTechnologie industrielle|2gcpds |
| 775 | 08|tReplacement of the CF-18 fleet : |w(CaOODSP)9.700228 |
| 856 | 40|ahttp://publications.gc.ca|qPDF|s222 Ko|uhttps://publications.gc.ca/collections/collection_2015/ic/Iu44-96-2014-fra.pdf |